| 000 | 00559cam a2200181 4500 | ||
|---|---|---|---|
| 008 | 090401t1991 xxu||||| |||| 00| 0 eng d | ||
| 020 | _a0580198650 | ||
| 035 | _a(Sirsi) u12634 | ||
| 041 | _aeng | ||
| 110 |
_aBritish Standards Institution _9130 |
||
| 245 | _aFire precautions in the design, construction and use of buildings Part 6: Code of practice for places of assembly. | ||
| 260 |
_aLondon _bBritish Standards Institution _c1991 |
||
| 300 | _a64p. ; 30cm. | ||
| 350 | _a0 | ||
| 490 |
_aBS _v5588: Part 6: 1991 |
||
| 942 | _n0 | ||
| 948 | _c04/03/1997 | ||
| 999 |
_c87018 _d87018 |
||